000 00755nam a2200241Ia 4500
001 9707
003 GE_BSU
008 181216s||||||||xx |||||||||||||| ||und||
040 _cGE_BSU
080 _a821.353.1-1
100 _aმირცხულავა,ალიო
245 _aნახტომი მზისკენ
245 _bლექსები.
245 _cრედ:გ.კაჭახიძე;მხატვ:.თ.სოკორსკაია
260 _aთბილისი.
260 _bნაკადული.
260 _c1960.
300 _a168გვ;17სმ
300 _b1ფ.პორტრ.
653 _aლექსები.
653 _aნახტომი მზისკენ
942 _cBK
999 _c42990
_d42990